[Event "GER-ch Candidates 96th"]
[Site "Munich"]
[Date "2025.05.22"]
[Round "8"]
[White "Philipp, Mathias"]
[Black "Sauer, Tim"]
[Result "1/2-1/2"]
[WhiteElo "2159"]
[BlackElo "2139"]
[PlyCount "63"]
[EventDate "2025.05.17"]
[EventType "swiss"]
[EventRounds "9"]
[EventCountry "GER"]
[SourceTitle "CB22_2025"]
[SourceDate "2025.05.28"]
[SourceVersion "1"]
[SourceVersionDate "2025.05.28"]
[SourceQuality "1"]

1. e4 c5 2. Nf3 Nc6 3. c3 d5 4. exd5 Qxd5 5. d4 e6 6. Be2 cxd4 7. cxd4 Nf6 8. Nc3 Qd6 9. 0-0 Be7 10. Be3 0-0 11. Rc1 Ng4 12. h3 Nxe3 13. fxe3 b6 14. a3 Bb7 15. b4 a5 16. b5 Nb8 17. Ne5 Nd7 18. Nc4 Qb8 19. Bd3 Qg3 20. Ne4 Qh4 21. Ned6 Bd5 22. e4 Bxc4 23. Nxc4 e5 24. dxe5 Bc5+ 25. Kh1 Qe7 26. Qb3 Nxe5 27. Nxe5 Qxe5 28. Rf5 Qg3 29. Rf3 Qe5 30. Rf5 Qg3 31. Rf3 Qe5 32. Rf5 1/2-1/2

[Event "Oberliga Ost-B 2223"]
[Site "Germany"]
[Date "2023.03.18"]
[Round "10.1"]
[White "Philipp, Mathias"]
[Black "Zude, Erik"]
[Result "1/2-1/2"]
[WhiteElo "2172"]
[BlackElo "2379"]
[PlyCount "155"]
[EventDate "2022.09.18"]
[EventType "team-tourn"]
[EventRounds "11"]
[EventCountry "GER"]
[SourceTitle "EXT 2025"]
[Source "ChessBase"]
[SourceDate "2024.10.14"]
[SourceVersion "1"]
[SourceVersionDate "2024.10.14"]
[SourceQuality "1"]
[WhiteTeam "Weimar Vimaria"]
[BlackTeam "Hofheim II"]
[WhiteTeamCountry "GER"]
[BlackTeamCountry "GER"]

1. e4 c5 2. Nf3 d6 3. c3 Nf6 4. Be2 g6 5. 0-0 Bg7 6. Qc2 Qc7 7. d4 cxd4 8. Nxd4 Nc6 9. Nb5 Qb8 10. Rd1 0-0 11. Be3 Bd7 12. c4 Ng4 13. Bxg4 Bxg4 14. f3 Be6 15. Nd4 Qc8 16. Na3 a6 17. Rac1 Nxd4 18. Bxd4 Bxd4+ 19. Rxd4 Qc5 20. Qf2 b5 21. Rdd1 Qxf2+ 22. Kxf2 Rfb8 23. b3 bxc4 24. Nxc4 a5 25. Nb2 Rc8 26. Ke3 f5 27. Na4 Rab8 28. Kd4 Kf7 29. Rxc8 Rxc8 30. Nc3 Rc5 31. Rb1 fxe4 32. fxe4 Rh5 33. h3 Rg5 34. Rb2 Ke8 35. a3 Kd7 36. b4 axb4 37. axb4 Kc7 38. Nd1 Bd7 39. Ne3 Bc6 40. Rc2 Re5 41. Nd5+ Kb7 42. Nc3 Bd7 43. Rf2 Be6 44. Rf8 h5 45. h4 g5 46. g3 gxh4 47. gxh4 Bb3 48. Rh8 Bf7 49. Rh6 Kc6 50. Ke3 Kd7 51. Kf4 Be6 52. Rg6 Bf7 53. Rg7 Bc4 54. Rg5 Re6 55. Rxh5 Rg6 56. Rg5 Rh6 57. h5 Bf7 58. Kg4 Be6+ 59. Kh4 Rf6 60. Rg3 Ke8 61. Kg5 Rf8 62. Ne2 Rf2 63. Nf4 Bd7 64. h6 Kf7 65. Nh5 Kg8 66. Rb3 Kh7 67. b5 Rg2+ 68. Ng3 Bxb5 69. Kf4 Bd7 70. Rb7 Bh3 71. Rxe7+ Kxh6 72. Re8 Kg7 73. Rd8 Rd2 74. Nf5+ Bxf5 75. Kxf5 Kf7 76. Rd7+ Ke8 77. Ke6 Rd4 78. Rxd6 1/2-1/2

[Event "Oberliga Ost-B 2223"]
[Site "Germany"]
[Date "2023.02.05"]
[Round "7.1"]
[White "Konopka, Michal"]
[Black "Philipp, Mathias"]
[Result "1-0"]
[WhiteElo "2352"]
[BlackElo "2172"]
[PlyCount "77"]
[EventDate "2022.09.18"]
[EventType "team-tourn"]
[EventRounds "11"]
[EventCountry "GER"]
[SourceTitle "EXT 2025"]
[Source "ChessBase"]
[SourceDate "2024.10.14"]
[SourceVersion "1"]
[SourceVersionDate "2024.10.14"]
[SourceQuality "1"]
[WhiteTeam "Schoeneck"]
[BlackTeam "Weimar Vimaria"]
[WhiteTeamCountry "GER"]
[BlackTeamCountry "GER"]

1. Nf3 f5 2. g3 Nf6 3. Bg2 e6 4. c4 Be7 5. 0-0 0-0 6. b3 d5 7. d4 b6 8. Qc2 Ne4 9. Bb2 Bb7 10. Nbd2 Nd7 11. Rac1 Rc8 12. Rfd1 Qe8 13. Ne1 Bg5 14. e3 h5 15. Ndf3 Bf6 16. Nd3 g5 17. Nfe5 Nxe5 18. dxe5 Be7 19. f3 Nc5 20. Nf2 a5 21. cxd5 exd5 22. f4 c6 23. Ba3 g4 24. Nd3 Ne6 25. Bxe7 Qxe7 26. Ne1 h4 27. gxh4 Qxh4 28. Qf2 Qh6 29. Nc2 Rc7 30. Nd4 Nc5 31. Qg3 Ba6 32. Nxf5 Qg6 33. Nd4 Bd3 34. Nxc6 Ne4 35. Bxe4 Bxe4 36. Nd4 Rfc8 37. Rxc7 Rxc7 38. e6 Rh7 39. f5 1-0